[Event "BCF-chT2d 1415 (4NCL) Demotion pool"]
[Site "England"]
[Date "2015.05.04"]
[Round "11.31"]
[White "Martin Perez, Javier"]
[Black "Grieve, Harry"]
[Result "1-0"]
[WhiteElo "2038"]
[BlackElo "2057"]
[PlyCount "91"]
[EventDate "2015.03.29"]
[EventType "team-tourn"]
[EventRounds "11"]
[EventCountry "ENG"]
[SourceTitle "EXT 2016"]
[Source "ChessBase"]
[SourceDate "2015.10.08"]
[SourceVersion "1"]
[SourceVersionDate "2015.10.08"]
[SourceQuality "1"]
[WhiteTeam "Rhyfelwyr Essyllwg"]
[BlackTeam "MK Phoenix"]
[WhiteTeamCountry "ENG"]
[BlackTeamCountry "ENG"]

1. e4 c5 2. Nf3 e6 3. d4 cxd4 4. Nxd4 Nc6 5. Nc3 Qc7 6. Be3 a6 7. Nxc6 bxc6 8. f4 Nf6 9. Bd3 d5 10. 0-0 Be7 11. Kh1 Rb8 12. Rb1 Bb7 13. e5 Nd7 14. Qg4 g6 15. Bf2 c5 16. b3 Nb6 17. Bh4 h5 18. Qg3 Bxh4 19. Qxh4 Qe7 20. Qg3 Kd7 21. Qf2 Kc7 22. a4 h4 23. h3 Rbc8 24. a5 Nd7 25. Na4 Kd8 26. Qe2 Rc6 27. c3 Bc8 28. Rfd1 Ke8 29. Rb2 Qd8 30. b4 c4 31. Bb1 Rc7 32. Qg4 Qe7 33. Re2 Bb7 34. Rd4 Bc6 35. Nb2 Rc8 36. Nd1 Nf8 37. Ne3 Nh7 38. f5 gxf5 39. Nxf5 exf5 40. Bxf5 Bd7 41. e6 fxe6 42. Bxe6 Kd8 43. Bxd7 Qxd7 44. Qxh4+ Kc7 45. Re7 Nf8 46. Rxd5 1-0

[Event "BCF-chT3S 1415 (4NCL)"]
[Site "England"]
[Date "2014.11.15"]
[Round "2.99"]
[White "Martin Perez, Javier"]
[Black "Garnett, John S"]
[Result "1-0"]
[WhiteElo "2020"]
[BlackElo "2007"]
[PlyCount "67"]
[EventDate "2014.11.15"]
[EventType "team-swiss"]
[EventRounds "6"]
[EventCountry "ENG"]
[SourceTitle "CBM 163 Extra"]
[Source "ChessBase"]
[SourceDate "2014.12.23"]
[SourceVersion "1"]
[SourceVersionDate "2014.12.23"]
[SourceQuality "1"]
[WhiteTeam "Rhyfelwyr Essyllwg II"]
[BlackTeam "e2e4.org.uk III"]
[WhiteTeamCountry "ENG"]
[BlackTeamCountry "ENG"]

1. e4 c6 2. d4 d5 3. exd5 cxd5 4. c4 Nf6 5. Nc3 Nc6 6. Nf3 g6 7. cxd5 Nxd5 8. Qb3 Nxc3 9. bxc3 Bg7 10. Bf4 0-0 11. Rd1 b6 12. Bb5 Bb7 13. 0-0 Na5 14. Qb4 Bxf3 15. gxf3 Qd5 16. Kg2 Rfd8 17. Rfe1 e6 18. c4 Qf5 19. Re4 Bf8 20. Qa4 a6 21. Bc6 Rac8 22. d5 Bd6 23. Bxd6 Rxd6 24. c5 exd5 25. cxd6 dxe4 26. Bxe4 Qg5+ 27. Kh1 Rd8 28. Qd4 Qc5 29. Qf6 Rd7 30. Bd5 Nc4 31. Be6 Ne5 32. Bxd7 Qxf2 33. Bh3 Nxf3 34. Bg2 1-0

[Event "Barcelona Sants op 16th"]
[Site "Barcelona"]
[Date "2014.08.22"]
[Round "1"]
[White "Blomqvist, Erik"]
[Black "Martin Perez, Javier"]
[Result "1-0"]
[WhiteElo "2506"]
[BlackElo "2013"]
[PlyCount "45"]
[EventDate "2014.08.22"]
[EventType "swiss"]
[EventRounds "10"]
[EventCountry "ESP"]
[SourceTitle "CBM 162 Extra"]
[Source "ChessBase"]
[SourceDate "2014.10.17"]
[SourceVersion "1"]
[SourceVersionDate "2014.10.17"]
[SourceQuality "1"]

1. e4 e6 2. d4 d5 3. Nc3 Bb4 4. e5 Ne7 5. a3 Bxc3+ 6. bxc3 c5 7. Nf3 Qc7 8. h4 Nbc6 9. h5 h6 10. Rh4 Nf5 11. Rg4 Bd7 12. Rb1 0-0-0 13. Bd3 cxd4 14. cxd4 Ncxd4 15. Nxd4 Nxd4 16. Rxd4 Qc3+ 17. Kf1 Qxd4 18. Rxb7 Kxb7 19. Ba6+ Kxa6 20. Qxd4 Bb5+ 21. Kg1 Rd7 22. Qc5 Rb8 23. a4 1-0

[Event "Hong Kong-ch"]
[Site "Hong Kong"]
[Date "2013.06.14"]
[Round "11"]
[White "Lai, Robin"]
[Black "Martin Perez, Javier"]
[Result "1/2-1/2"]
[WhiteElo "1900"]
[BlackElo "2123"]
[PlyCount "50"]
[EventDate "2013.04.22"]
[EventType "tourn"]
[EventRounds "11"]
[EventCountry "HKG"]
[SourceTitle "EXT 2018"]
[Source "ChessBase"]
[SourceDate "2017.10.13"]
[SourceVersion "1"]
[SourceVersionDate "2017.10.13"]
[SourceQuality "1"]

1. d4 d5 2. Nf3 Nf6 3. Bf4 g6 4. e3 Bg7 5. Nbd2 0-0 6. Bd3 Nbd7 7. h4 c5 8. c3 Re8 9. Ne5 Nxe5 10. Bxe5 Qb6 11. Rb1 Ng4 12. Bxg7 Kxg7 13. Be2 h5 14. dxc5 Qxc5 15. Nb3 Qd6 16. Qd2 Bf5 17. Rd1 Red8 18. Nd4 Be4 19. Bxg4 hxg4 20. f3 gxf3 21. gxf3 Qg3+ 22. Qf2 Qxf2+ 23. Kxf2 Bf5 24. Nxf5+ gxf5 25. Rdg1+ Kf6 1/2-1/2

[Event "Hong Kong-ch"]
[Site "Hong Kong"]
[Date "2013.05.27"]
[Round "8"]
[White "Martin Perez, Javier"]
[Black "Lai, Sai Wing"]
[Result "1-0"]
[WhiteElo "2123"]
[BlackElo "1972"]
[PlyCount "51"]
[EventDate "2013.04.22"]
[EventType "tourn"]
[EventRounds "11"]
[EventCountry "HKG"]
[SourceTitle "EXT 2018"]
[Source "ChessBase"]
[SourceDate "2017.10.13"]
[SourceVersion "1"]
[SourceVersionDate "2017.10.13"]
[SourceQuality "1"]

1. e4 e6 2. d4 b6 3. Nf3 Bb7 4. Bd3 c5 5. c3 cxd4 6. cxd4 Bb4+ 7. Nbd2 Nf6 8. Qe2 0-0 9. 0-0 Bxd2 10. Bxd2 d5 11. e5 Ne4 12. Bb4 a5 13. Bxf8 Qxf8 14. Rfc1 Qd8 15. Rc2 Na6 16. Rac1 Nb4 17. Rc7 Nxd3 18. Qxd3 Ba6 19. Qc2 h6 20. Qc6 Rb8 21. Rd7 Qe8 22. Ra7 Qxc6 23. Rxc6 Be2 24. Rcc7 Rf8 25. Nh4 g5 26. Ng6 1-0

[Event "Hong Kong-ch"]
[Site "Hong Kong"]
[Date "2013.05.26"]
[Round "5"]
[White "Martin Perez, Javier"]
[Black "Chong, Chor Yuen"]
[Result "0-1"]
[WhiteElo "2123"]
[BlackElo "2042"]
[PlyCount "30"]
[EventDate "2013.04.22"]
[EventType "tourn"]
[EventRounds "11"]
[EventCountry "HKG"]
[SourceTitle "EXT 2018"]
[Source "ChessBase"]
[SourceDate "2017.10.13"]
[SourceVersion "1"]
[SourceVersionDate "2017.10.13"]
[SourceQuality "1"]

1. e4 c5 2. Nf3 d6 3. d4 cxd4 4. Nxd4 Nf6 5. Nc3 a6 6. Bg5 e6 7. f4 Nc6 8. Nxc6 bxc6 9. e5 h6 10. Bh4 g5 11. fxg5 Nd5 12. Ne4 Qb6 13. Bf2 Qb4+ 14. Nd2 Qxb2 15. Nc4 Qc3+ 0-1

[Event "Hong Kong-ch qual"]
[Site "Hong Kong"]
[Date "2013.04.15"]
[Round "9"]
[White "Martin Perez, Javier"]
[Black "Dew, Brian"]
[Result "0-1"]
[WhiteElo "2123"]
[BlackElo "2226"]
[PlyCount "54"]
[EventDate "2013.01.28"]
[EventType "swiss"]
[EventRounds "9"]
[EventCountry "HKG"]
[SourceTitle "EXT 2015"]
[Source "ChessBase"]
[SourceDate "2014.11.20"]
[SourceVersion "1"]
[SourceVersionDate "2014.11.20"]
[SourceQuality "1"]

1. e4 e5 2. Nf3 Nc6 3. Bb5 a6 4. Ba4 Nf6 5. 0-0 Be7 6. Re1 b5 7. Bb3 d6 8. h3 Na5 9. d4 exd4 10. c3 Nxb3 11. axb3 dxc3 12. Nxc3 Bb7 13. Nd4 0-0 14. Nf5 b4 15. Nd5 Nxd5 16. exd5 Bf6 17. Qg4 Kh8 18. Qxb4 Bxd5 19. Ng3 Qd7 20. Ra5 c5 21. Qf4 Rfe8 22. Rxe8+ Rxe8 23. Bd2 Bxb2 24. b4 Be5 25. Qg5 f6 26. Qh5 Bb7 27. bxc5 Qc6 0-1

[Event "Krakow op"]
[Site "Krakow"]
[Date "2011.08.11"]
[Round "7"]
[White "Gosciniak, Maria"]
[Black "Martin Perez, Javier"]
[Result "0-1"]
[WhiteElo "2117"]
[BlackElo "2182"]
[PlyCount "80"]
[EventDate "2011.08.06"]
[EventType "swiss"]
[EventRounds "9"]
[EventCountry "POL"]
[SourceTitle "CBM 144 Extra"]
[Source "ChessBase"]
[SourceDate "2011.10.28"]
[SourceVersion "1"]
[SourceVersionDate "2011.10.28"]
[SourceQuality "1"]

1. e4 e6 2. d4 d5 3. Nc3 Bb4 4. e5 Ne7 5. a3 Bxc3+ 6. bxc3 c5 7. Qg4 Qc7 8. Qxg7 Rg8 9. Qxh7 cxd4 10. Ne2 Nbc6 11. f4 Bd7 12. Qd3 dxc3 13. Nxc3 a6 14. Rb1 Rc8 15. Ne2 Na5 16. Nd4 Ba4 17. c3 Nec6 18. Qh7 Rf8 19. Bd3 Nxd4 20. cxd4 Qxc1+ 21. Rxc1 Rxc1+ 22. Kf2 Rxh1 23. h4 Nc4 24. h5 Nxa3 25. h6 b5 26. g4 b4 27. Kg2 Rd1 28. Bxa6 Bc2 29. Qg7 Be4+ 30. Kg3 b3 31. f5 Bxf5 32. gxf5 Rg1+ 33. Kh4 Rxg7 34. hxg7 Rg8 35. f6 b2 36. Bd3 b1Q 37. Bxb1 Nxb1 38. Kg5 Nd2 39. Kh6 Nf3 40. Kh7 Rf8 0-1

[Event "Benidorm op U2300 05th"]
[Site "Benidorm"]
[Date "2006.12.05"]
[Round "5"]
[White "Goormachtigh, Johan"]
[Black "Martin Perez, Javier"]
[Result "1/2-1/2"]
[WhiteElo "2235"]
[BlackElo "2280"]
[PlyCount "48"]
[EventDate "2006.12.01"]
[EventType "swiss"]
[EventRounds "9"]
[EventCountry "ESP"]
[SourceTitle "CBM 115 Extra"]
[Source "ChessBase"]
[SourceDate "2007.01.10"]
[SourceVersion "1"]
[SourceVersionDate "2007.01.10"]
[SourceQuality "1"]

1. d4 d5 2. c4 c6 3. Nf3 Nf6 4. Nc3 e6 5. e3 Nbd7 6. Bd3 Bd6 7. e4 dxe4 8. Nxe4 Nxe4 9. Bxe4 e5 10. 0-0 0-0 11. Nxe5 Nxe5 12. dxe5 Bxe5 13. Bxh7+ Kxh7 14. Qh5+ Kg8 15. Qxe5 Re8 16. Qc3 Qh4 17. b3 Re6 18. Qg3 Qxg3 19. hxg3 Re2 20. Bf4 Bf5 21. Rfe1 Rae8 22. Be3 Rxe1+ 23. Rxe1 a5 24. Rd1 a4 1/2-1/2

[Event "ESP-ch Universities"]
[Site "Madrid"]
[Date "2006.05.08"]
[Round "8"]
[White "Hinojar Basa, Alfonso"]
[Black "Martin Perez, Javier"]
[Result "1-0"]
[WhiteElo "2173"]
[BlackElo "2283"]
[PlyCount "107"]
[EventDate "2006.05.06"]
[EventType "team"]
[EventRounds "8"]
[EventCountry "ESP"]
[SourceTitle "CBM 112 Extra"]
[Source "ChessBase"]
[SourceDate "2006.07.14"]
[SourceVersion "1"]
[SourceVersionDate "2006.07.14"]
[SourceQuality "1"]

1. e4 e6 2. d4 d5 3. Nc3 Bb4 4. e5 Ne7 5. a3 Bxc3+ 6. bxc3 c5 7. Nf3 Qc7 8. h4 Bd7 9. h5 h6 10. a4 Nbc6 11. Bd3 cxd4 12. cxd4 Nxd4 13. Bb2 Ndc6 14. Rh4 0-0-0 15. Kf1 g6 16. Ba3 Nf5 17. Bxf5 gxf5 18. Bd6 Qa5 19. Rb1 Rdg8 20. Nd4 Rg4 21. Rxg4 fxg4 22. Nxc6 Bxc6 23. Qxg4 Qxa4 24. Qg7 Rd8 25. Qxf7 Bd7 26. Qh7 Qh4 27. Rb3 Qd4 28. Kg1 Qd2 29. Rg3 d4 30. Qf7 Qxc2 31. Rg8 Qc6 32. Rxd8+ Kxd8 33. Qf8+ Be8 34. Qe7+ Kc8 35. Qxe6+ Bd7 36. Qg8+ Be8 37. Qg4+ Bd7 38. Qxd4 Qc1+ 39. Kh2 Qg5 40. Qc4+ Bc6 41. Qe6+ Kd8 42. Qf6+ Qxf6 43. exf6 Ke8 44. g4 Kf7 45. Be5 b5 46. f4 b4 47. g5 hxg5 48. fxg5 Be4 49. Kg3 a5 50. Kf4 Bc2 51. Bc7 a4 52. Bd6 b3 53. Ba3 Bb1 54. Ke5 1-0

[Event "ESP-ch Universities"]
[Site "Madrid"]
[Date "2006.05.07"]
[Round "5"]
[White "Camarena Gimenez, Rufino"]
[Black "Martin Perez, Javier"]
[Result "1-0"]
[WhiteElo "2342"]
[BlackElo "2283"]
[PlyCount "77"]
[EventDate "2006.05.06"]
[EventType "team"]
[EventRounds "8"]
[EventCountry "ESP"]
[SourceTitle "CBM 112 Extra"]
[Source "ChessBase"]
[SourceDate "2006.07.14"]
[SourceVersion "1"]
[SourceVersionDate "2006.07.14"]
[SourceQuality "1"]

1. d4 d5 2. c4 c6 3. Nc3 Nf6 4. cxd5 cxd5 5. Bf4 Nc6 6. e3 a6 7. Bd3 e6 8. Rc1 Be7 9. Nf3 0-0 10. Ne5 Nxe5 11. Bxe5 Bd7 12. Qf3 Bc6 13. 0-0 Rc8 14. Qh3 Ne4 15. Qg4 g6 16. f3 Nxc3 17. Rxc3 Bf6 18. Bxf6 Qxf6 19. f4 Qe7 20. Rfc1 Qb4 21. Qe2 Bd7 22. a3 Qa4 23. Rc5 Rxc5 24. Rxc5 Rc8 25. Bc2 Rxc5 26. Bxa4 Rc1+ 27. Bd1 Ba4 28. b3 Bxb3 29. Qb2 Rxd1+ 30. Kf2 Bc4 31. Qxb7 Rd2+ 32. Kg3 Rd3 33. Qb8+ Kg7 34. Qe5+ Kg8 35. Kh4 h6 36. g4 Rd2 37. f5 exf5 38. gxf5 Rg2 39. Qe8+ 1-0

[Event "Catalunya-ch"]
[Site "Barcelona"]
[Date "2005.03.27"]
[Round "8"]
[White "Alonso Moyano, Jonathan"]
[Black "Martin Perez, Javier"]
[Result "1-0"]
[WhiteElo "2422"]
[BlackElo "2293"]
[PlyCount "59"]
[EventDate "2005.03.20"]
[EventType "swiss"]
[EventRounds "9"]
[EventCountry "ESP"]
[SourceTitle "EXT 2006"]
[Source "ChessBase"]
[SourceDate "2005.11.24"]
[SourceVersion "1"]
[SourceVersionDate "2005.11.24"]
[SourceQuality "1"]

1. e4 e6 2. d4 d5 3. Nd2 Nf6 4. e5 Nfd7 5. f4 c5 6. c3 Nc6 7. Ndf3 Qb6 8. g3 cxd4 9. cxd4 Bb4+ 10. Kf2 g5 11. fxg5 Ndxe5 12. Nxe5 Nxe5 13. Kg2 Nc4 14. Nf3 Bd7 15. Bd3 Bf8 16. b3 Nd6 17. Bf4 Bg7 18. Bxd6 Qxd6 19. Qe2 Qb4 20. a3 Qb6 21. Qe3 Bb5 22. Bxb5+ Qxb5 23. Rac1 0-0 24. h4 Rfc8 25. h5 e5 26. g6 exd4 27. gxf7+ Kh8 28. Nxd4 Qb6 29. Rxc8+ Rxc8 30. Qe8+ 1-0

[Event "Catalunya-ch"]
[Site "Barcelona"]
[Date "2005.03.25"]
[Round "6"]
[White "Vidarte Morales, Arturo"]
[Black "Martin Perez, Javier"]
[Result "1/2-1/2"]
[WhiteElo "2378"]
[BlackElo "2293"]
[PlyCount "99"]
[EventDate "2005.03.20"]
[EventType "swiss"]
[EventRounds "9"]
[EventCountry "ESP"]
[SourceTitle "EXT 2006"]
[Source "ChessBase"]
[SourceDate "2005.11.24"]
[SourceVersion "1"]
[SourceVersionDate "2005.11.24"]
[SourceQuality "1"]

1. Nf3 d5 2. g3 g6 3. Bg2 Bg7 4. d4 Nf6 5. c4 c6 6. cxd5 cxd5 7. Ne5 0-0 8. Nc3 e6 9. 0-0 Nfd7 10. f4 f6 11. Nf3 Nc6 12. Be3 Nb6 13. Bf2 f5 14. Rc1 Bd7 15. b3 Rc8 16. Ne5 Qe7 17. e3 Nxe5 18. dxe5 Rc7 19. Qd3 Rfc8 20. Ne2 Qa3 21. Rxc7 Rxc7 22. Qd2 Bb5 23. Rc1 Rxc1+ 24. Nxc1 Bf8 25. Ne2 Bxe2 26. Qxe2 Qc1+ 27. Bf1 Nd7 28. g4 Nc5 29. gxf5 gxf5 30. Qh5 Ne4 31. Qe8 Qc6 32. Qd8 Qc2 33. Bh4 Qd1 34. Qc8 Qg4+ 35. Bg3 Qg6 36. Bg2 Qf7 37. Bf3 Kg7 38. Kg2 Bb4 39. Qc2 Qd7 40. Qe2 Nc3 41. Qc2 Ne4 42. Kh3 Qc6 43. Qg2 Nxg3 44. Qxg3+ Kh8 45. Qg5 Qd7 46. Bh5 Bc5 47. Qf6+ Kg8 48. Qg5+ Kh8 49. Qf6+ Kg8 50. Qg5+ 1/2-1/2

[Event "Cullera op-A 25th"]
[Site "Cullera"]
[Date "2004.07.25"]
[Round "5"]
[White "Martin Perez, Javier"]
[Black "Garcia Gata, Jorge David"]
[Result "1-0"]
[WhiteElo "2251"]
[BlackElo "2064"]
[PlyCount "67"]
[EventDate "2004.07.??"]
[EventType "swiss"]
[EventRounds "9"]
[EventCountry "ESP"]
[SourceTitle "CBM 101 Extra"]
[Source "ChessBase"]
[SourceDate "2004.09.01"]
[SourceVersion "2"]
[SourceVersionDate "2004.09.01"]
[SourceQuality "1"]

1. e4 c5 2. Nf3 d6 3. d4 cxd4 4. Nxd4 Nf6 5. Nc3 g6 6. Be3 Bg7 7. f3 0-0 8. Bc4 Nc6 9. Qd2 Bd7 10. 0-0-0 Rc8 11. Bb3 Ne5 12. h4 h5 13. Kb1 Nc4 14. Bxc4 Rxc4 15. Nde2 b5 16. Bh6 Qa5 17. g4 b4 18. Nd5 Nxd5 19. exd5 hxg4 20. Bxg7 Kxg7 21. h5 Rxc2 22. Qd4+ f6 23. Ng3 Rg2 24. hxg6 Rxg3 25. Qe4 Qd8 26. Rh7+ Kg8 27. Qf4 Rh3 28. Rxh3 gxh3 29. Qh6 Bf5+ 30. Ka1 Rf7 31. gxf7+ Kxf7 32. Rg1 Qb6 33. Qh5+ Kf8 34. Qh8+ 1-0

[Event "Cullera op-A 25th"]
[Site "Cullera"]
[Date "2004.07.20"]
[Round "1"]
[White "Martin Perez, Javier"]
[Black "Alarcia Astiz, Carlos"]
[Result "0-1"]
[WhiteElo "2251"]
[BlackElo "2004"]
[PlyCount "48"]
[EventDate "2004.07.??"]
[EventType "swiss"]
[EventRounds "9"]
[EventCountry "ESP"]
[SourceTitle "CBM 101 Extra"]
[Source "ChessBase"]
[SourceDate "2004.09.01"]
[SourceVersion "2"]
[SourceVersionDate "2004.09.01"]
[SourceQuality "1"]

1. e4 c6 2. d4 d5 3. exd5 cxd5 4. c4 Nf6 5. Nc3 e6 6. Nf3 Nc6 7. c5 Be7 8. Bb5 0-0 9. 0-0 Bd7 10. Bxc6 Bxc6 11. Ne5 Nd7 12. f4 f6 13. Nxd7 Qxd7 14. Qe2 b6 15. b4 bxc5 16. bxc5 Rae8 17. Re1 e5 18. Qc2 exd4 19. Ne2 d3 20. Qxd3 Bxc5+ 21. Kh1 Bb5 22. Qf3 Bb4 23. Ba3 Bxa3 24. Nd4 Bb2 0-1